Normal view MARC view

Entry Nome pessoal

Number of records used in: 1

001 - NÚMERO DE CONTROLE

  • campo de controle: 704

003 - IDENTIFICADOR DO NÚMERO DE CONTROLE

  • campo de controle: Br

005 - DATA E HORÁRIO DA ÚLTIMA TRANSAÇÃO

  • campo de controle: 20250328135152.0

008 - CAMPO DE DADOS FIXOS

  • campo de controle de tamanho fixo: 101051|| acnnnaab| aaaa d

035 ## - NÚMERO DE CONTROLE DO SISTEMA

  • Número de Controle do Sistema: 101051417244778042

040 ## - FONTE DA CATALOGAÇÃO

  • Instituição da catalogação original: Br
  • Instituição que transcreveu o registro: Br

100 1# - CABEÇALHO--NOME PESSOAL

  • Nome pessoal: Gide, André,
  • Datas associadas ao nome: 1869-1951.

400 1# - REMISSIVA VER--NOME PESSOAL

  • Nome pessoal: Gide, André Paul Guillaume
  • Datas associadas ao nome: 1869-1951

400 1# - REMISSIVA VER--NOME PESSOAL

  • Nome pessoal: Guillaume Gide, André Paul
  • Datas associadas ao nome: 1869-1951

670 ## - FONTE POSITIVA DOS DADOS

  • Citação da fonte positiva dos dados: Autor de: Si le grain ne meurt. 1934

670 ## - FONTE POSITIVA DOS DADOS

  • Citação da fonte positiva dos dados: LC microf., 77/81 set.
  • Dados encontrados na fonte localizada no subcampo: (D. ; n.c.)

670 ## - FONTE POSITIVA DOS DADOS

  • Citação da fonte positiva dos dados: LC 42/62, v.54, p. 206
  • Dados encontrados na fonte localizada no subcampo: (D. ; n.c.)

670 ## - FONTE POSITIVA DOS DADOS

  • Citação da fonte positiva dos dados: LC 42, v.55, p. 203
  • Dados encontrados na fonte localizada no subcampo: (d.m.)

Powered by Koha